000 01054nam a22002657a 4500
005 20170124102932.0
010 _a936007
020 _c02.00
035 _a936007
037 _bCen Lib/Ret
040 _aDPL
_bHN
082 _a821.08
_bशर्मा
100 _aशर्मा ,रामगोपाल दिनेश
_945280
245 _aमीरा: जीवन और काव्य /
_cरामगोपाल शर्मा दिनेश
246 _ameera : jeevan or kavya
_bby Ramgopal sharma Dinesh
260 _aइन्दौर
_bकमल प्रकाशन
_c1978
270 _a54,प्रिंस यशवंत रोड
_bइन्दौर
300 _a148पृष्ठ.
_c21सेमी (सजिल्द )
650 _aहिंदी साहित्य
_945281
650 _aमीरा का काव्य
_942569
650 _aHindi literature
_945282
650 _aMira 's Poetry
_945283
700 _97856
942 _2ddc
_cHN
_h821.08
_mशर्मा
999 _c111968
_d111968